000 00208 a2200097 4500
001 15036
100 _aCollis R
245 _aA doctor's Nigeria
260 _aLondon
_bSecker Warburg
_c
090 _c11791
_d11791
942 _aNUST-CAE
_cM
_c1993
999 _c250109
_d250109